<?xml version="1.0" encoding="UTF-8"?>
<record
    xmlns:xsi="http://www.w3.org/2001/XMLSchema-instance"
    xsi:schemaLocation="http://www.loc.gov/MARC21/slim http://www.loc.gov/standards/marcxml/schema/MARC21slim.xsd"
    xmlns="http://www.loc.gov/MARC21/slim">

  <leader>02503nam a22005177a 4500</leader>
  <controlfield tag="001">BRCA_9211</controlfield>
  <controlfield tag="003">FranzMayer</controlfield>
  <controlfield tag="005">20220809135348.0</controlfield>
  <controlfield tag="008">220721b        |||||||| |||| 00| 0 eng d</controlfield>
  <datafield tag="020" ind1=" " ind2=" ">
    <subfield code="a">9786077714583</subfield>
  </datafield>
  <datafield tag="040" ind1=" " ind2=" ">
    <subfield code="b">spa</subfield>
    <subfield code="c">MFM</subfield>
  </datafield>
  <datafield tag="041" ind1=" " ind2=" ">
    <subfield code="a">spa</subfield>
    <subfield code="a">eng</subfield>
  </datafield>
  <datafield tag="050" ind1=" " ind2=" ">
    <subfield code="a">NX701</subfield>
    <subfield code="b">L37 2021</subfield>
  </datafield>
  <datafield tag="100" ind1="1" ind2=" ">
    <subfield code="a">Lara Elizondo, Lupina</subfield>
    <subfield code="e">autor.</subfield>
    <subfield code="9">3610</subfield>
  </datafield>
  <datafield tag="245" ind1="1" ind2="0">
    <subfield code="a">Mecenas :</subfield>
    <subfield code="b">el arte de apoyar el arte / </subfield>
    <subfield code="c">Lupina Lara Elizondo ; trad.: Trena Brown</subfield>
  </datafield>
  <datafield tag="264" ind1=" " ind2="1">
    <subfield code="a">Ciudad de Mexico :</subfield>
    <subfield code="b">Promoci&#xF3;n de Arte Mexicano, </subfield>
    <subfield code="c">2021</subfield>
  </datafield>
  <datafield tag="264" ind1=" " ind2="1">
    <subfield code="a">Ciudad de M&#xE9;xico : </subfield>
    <subfield code="b">Qu&#xE1;litas Compa&#xF1;&#xED;a de Seguros, </subfield>
    <subfield code="c">2021</subfield>
  </datafield>
  <datafield tag="300" ind1=" " ind2=" ">
    <subfield code="a">263 p. :</subfield>
    <subfield code="b">il., fot. col. ;</subfield>
    <subfield code="c">27 x 31 cm. </subfield>
  </datafield>
  <datafield tag="500" ind1=" " ind2=" ">
    <subfield code="a">Ubicaci&#xF3;n: L59-N5</subfield>
  </datafield>
  <datafield tag="500" ind1=" " ind2=" ">
    <subfield code="a">Incluye im&#xE1;genes de la Colecci&#xF3;n y Exposici&#xF3;n permanente Museo Franz Mayer (pp. 109-125)</subfield>
  </datafield>
  <datafield tag="500" ind1=" " ind2=" ">
    <subfield code="a">Ejemplar en caja</subfield>
  </datafield>
  <datafield tag="504" ind1=" " ind2=" ">
    <subfield code="a">Bibliograf&#xED;a: pp. 260-261</subfield>
  </datafield>
  <datafield tag="505" ind1="2" ind2=" ">
    <subfield code="t">Presentaci&#xF3;n / </subfield>
    <subfield code="r">Jos&#xE9; Antonio Correa Etchegaray</subfield>
  </datafield>
  <datafield tag="505" ind1="2" ind2=" ">
    <subfield code="t">Pr&#xF3;logo / </subfield>
    <subfield code="r">Lupina Lara Elizondo</subfield>
  </datafield>
  <datafield tag="505" ind1="2" ind2=" ">
    <subfield code="t">Introducci&#xF3;n. Memoria del mecenazgo / </subfield>
    <subfield code="r">Lupina Lara Elizondo</subfield>
  </datafield>
  <datafield tag="505" ind1="2" ind2=" ">
    <subfield code="t">El conocimiento, resguardo y progreso / </subfield>
    <subfield code="r">Lupina Lara Elizondo</subfield>
  </datafield>
  <datafield tag="505" ind1="2" ind2=" ">
    <subfield code="t">Mecenas del siglo XX</subfield>
  </datafield>
  <datafield tag="505" ind1="2" ind2=" ">
    <subfield code="t">Andrew Carnegie, 1835-1919</subfield>
  </datafield>
  <datafield tag="505" ind1="2" ind2=" ">
    <subfield code="t">Luis Comfort Tiffany, 1848-1933</subfield>
  </datafield>
  <datafield tag="505" ind1="2" ind2=" ">
    <subfield code="t">Franz Mayer, 1882-1975</subfield>
  </datafield>
  <datafield tag="505" ind1="2" ind2=" ">
    <subfield code="t">Jos&#xE9; Vasconcelos, 1882-1959</subfield>
  </datafield>
  <datafield tag="505" ind1="2" ind2=" ">
    <subfield code="t">Jean Paul Getty, 1892-1976</subfield>
  </datafield>
  <datafield tag="505" ind1="2" ind2=" ">
    <subfield code="t">Antonieta Rivas Mercado, 1900-1931</subfield>
  </datafield>
  <datafield tag="505" ind1="2" ind2=" ">
    <subfield code="t">John y Dominique de Menil, 1904-1973 / 1908-1997</subfield>
  </datafield>
  <datafield tag="505" ind1="2" ind2=" ">
    <subfield code="t">Norton Simon, 1907-1993</subfield>
  </datafield>
  <datafield tag="505" ind1="2" ind2=" ">
    <subfield code="t">Manuel Espinosa Yglesias, 1909-2000 y Amparo Espinosa Yglesias Rugarc&#xED;a, 1942-2007</subfield>
  </datafield>
  <datafield tag="505" ind1="2" ind2=" ">
    <subfield code="t">Francisco Toledo, 1940-2019</subfield>
  </datafield>
  <datafield tag="505" ind1="2" ind2=" ">
    <subfield code="t">Rafael Tovar y de Teresa, 1954-2016.</subfield>
  </datafield>
  <datafield tag="520" ind1="8" ind2=" ">
    <subfield code="a">La visi&#xF3;n del mecenas que Lupina Lara nos plantea en este libro comprende no &#xFA;nicamente al personaje que aporta recursos, sino al benefactor, al promotor, pero tambi&#xE9;n a quien trabaja y abre camino de manera directa favoreciendo esta causa. Adem&#xE1;s de ello, comparte un concepto relativamente nuevo: la visi&#xF3;n del mecenazgo estatal, que es el camino que ha adoptado M&#xE9;xico a partir del siglo XVIII para favorecer el arte y la cultura en el pa&#xED;s. - Jos&#xE9; Antonio Correa Etchegaray</subfield>
  </datafield>
  <datafield tag="650" ind1=" " ind2="0">
    <subfield code="a">Mecenazgo</subfield>
    <subfield code="z">Estados Unidos</subfield>
    <subfield code="y">Siglo XX</subfield>
    <subfield code="9">28475</subfield>
  </datafield>
  <datafield tag="650" ind1=" " ind2="0">
    <subfield code="a">Mecenazgo</subfield>
    <subfield code="z">M&#xE9;xico</subfield>
    <subfield code="y">Siglo XX</subfield>
    <subfield code="9">28476</subfield>
  </datafield>
  <datafield tag="650" ind1=" " ind2="0">
    <subfield code="a">Arte</subfield>
    <subfield code="x">Historia</subfield>
  </datafield>
  <datafield tag="650" ind1=" " ind2="0">
    <subfield code="a">Arte y sociedad</subfield>
    <subfield code="z">M&#xE9;xico</subfield>
    <subfield code="y">Siglo XX</subfield>
    <subfield code="9">28477</subfield>
  </datafield>
  <datafield tag="942" ind1=" " ind2=" ">
    <subfield code="2">lcc</subfield>
    <subfield code="c">B</subfield>
  </datafield>
  <datafield tag="999" ind1=" " ind2=" ">
    <subfield code="c">10830</subfield>
    <subfield code="d">10830</subfield>
  </datafield>
  <datafield tag="952" ind1=" " ind2=" ">
    <subfield code="0">0</subfield>
    <subfield code="1">0</subfield>
    <subfield code="2">lcc</subfield>
    <subfield code="4">0</subfield>
    <subfield code="7">0</subfield>
    <subfield code="a">BRCA</subfield>
    <subfield code="b">BRCA</subfield>
    <subfield code="d">2022-07-21</subfield>
    <subfield code="l">0</subfield>
    <subfield code="o">NX701 L37 2021</subfield>
    <subfield code="p">CONT9991</subfield>
    <subfield code="r">2022-07-21 00:00:00</subfield>
    <subfield code="w">2022-07-21</subfield>
    <subfield code="y">B</subfield>
  </datafield>
  <datafield tag="952" ind1=" " ind2=" ">
    <subfield code="0">0</subfield>
    <subfield code="1">0</subfield>
    <subfield code="2">lcc</subfield>
    <subfield code="4">0</subfield>
    <subfield code="7">0</subfield>
    <subfield code="a">BRCA</subfield>
    <subfield code="b">BRCA</subfield>
    <subfield code="d">2022-07-21</subfield>
    <subfield code="l">0</subfield>
    <subfield code="o">NX701 L37 2021</subfield>
    <subfield code="p">CONT9992</subfield>
    <subfield code="r">2022-07-21 00:00:00</subfield>
    <subfield code="w">2022-07-21</subfield>
    <subfield code="y">B</subfield>
  </datafield>
  <datafield tag="952" ind1=" " ind2=" ">
    <subfield code="0">0</subfield>
    <subfield code="1">0</subfield>
    <subfield code="2">lcc</subfield>
    <subfield code="4">0</subfield>
    <subfield code="7">0</subfield>
    <subfield code="a">BRCA</subfield>
    <subfield code="b">BRCA</subfield>
    <subfield code="d">2022-07-21</subfield>
    <subfield code="l">0</subfield>
    <subfield code="o">NX701 L37 2021</subfield>
    <subfield code="p">CONT9993</subfield>
    <subfield code="r">2022-07-21 00:00:00</subfield>
    <subfield code="w">2022-07-21</subfield>
    <subfield code="y">B</subfield>
  </datafield>
  <datafield tag="952" ind1=" " ind2=" ">
    <subfield code="0">0</subfield>
    <subfield code="1">0</subfield>
    <subfield code="2">lcc</subfield>
    <subfield code="4">0</subfield>
    <subfield code="7">0</subfield>
    <subfield code="a">BRCA</subfield>
    <subfield code="b">BRCA</subfield>
    <subfield code="d">2022-07-21</subfield>
    <subfield code="l">0</subfield>
    <subfield code="o">NX701 L37 2021</subfield>
    <subfield code="p">CONT9994</subfield>
    <subfield code="r">2022-07-21 00:00:00</subfield>
    <subfield code="w">2022-07-21</subfield>
    <subfield code="y">B</subfield>
  </datafield>
</record>
